[Event "Challenge"]
[Site "http://www.queenalice.com/game.php?id=589891"]
[Date "2009.5.17"]
[Round "-"]
[White "sunking"]
[Black "mrbabu"]
[Result "0-1"]
[WhiteElo "1663"]
[BlackElo "1743"]

1. d4 d5 2. Nc3 Nf6 3. e4 dxe4 4. Bb5+ Bd7 5. Nh3 c6 6. Bc4 Bxh3 7. gxh3 e6 8.
Bg5 Be7 9. Bxf6 Bxf6 10. Nxe4 Bxd4 11. c3 Bb6 12. Qxd8+ Bxd8 13. Rd1 Bc7 14. Rg1
g6 15. Nf6+ Ke7 16. Ne4 Nd7 17. h4 Nf6 18. Rg3 Rad8 19. Rgd3 Nxe4 20. Ke2 Rxd3
21. Bxd3 Nf6 22. Kd2 Rd8 23. Kc2 Bxh2 24. b4 Bf4 25. a4 Bh6 26. c4 Ng4 27. f3
Ne5 28. Be4 Rxd1 29. Kxd1 Nxc4 30. a5 f5 31. Bd3 Nb2+ 32. Kc2 Nxd3 33. Kxd3 Kd6
34. Kd4 e5+ 35. Kc4 e4 36. fxe4 fxe4 37. Kd4 e3 38. Kd3 Kd5 39. a6 bxa6 40. b5
axb5 41. Ke2 b4 42. Kd3 c5 43. Kc2 c4 0-1

[Event "Challenge"]
[Site "http://www.queenalice.com/game.php?id=589892"]
[Date "2009.5.17"]
[Round "-"]
[White "sunking"]
[Black "mrbabu"]
[Result "0-1"]
[WhiteElo "1647"]
[BlackElo "1696"]

1. d4 d5 2. Nc3 Nf6 3. e3 Bf5 4. Nf3 e6 5. Ne5 Bd6 6. Bb5+ c6 7. Bxc6+ Nxc6 8.
Nxc6 bxc6 9. Qf3 Bg4 10. Qxf6 Qxf6 11. O-O Qh4 12. f3 Bxh2+ 13. Kh1 Bg3+ 14. Kg1
Qh2# 0-1

[Event "Challenge"]
[Site "http://www.queenalice.com/game.php?id=592751"]
[Date "2009.5.23"]
[Round "-"]
[White "Andrei_78"]
[Black "mrbabu"]
[Result "0-1"]
[WhiteElo "1547"]
[BlackElo "1773"]

1. d4 d5 2. Nc3 Nf6 3. h3 Nc6 4. Nf3 Bf5 5. Nh4 Bg6 6. Nxg6 hxg6 7. a3 e6 8. e3
a6 9. Bd3 Bd6 10. O-O Qd7 11. Qf3 O-O-O 12. e4 dxe4 13. Bxe4 Nxe4 14. Qxe4 Nxd4
15. Qxd4 Bh2+ 16. Kxh2 Qxd4 17. Be3 Qh4 18. Rae1 g5 19. Ne2 g4 20. Nf4 e5 21. g3
Qh7 22. h4 exf4 23. Bxf4 f6 24. Rc1 g5 25. Be3 gxh4 26. Rh1 hxg3+ 27. Kxg3 Qe4
28. Rxh8 Qf3+ 0-1

[Event "Challenge"]
[Site "http://www.queenalice.com/game.php?id=593488"]
[Date "2009.5.25"]
[Round "-"]
[White "sunking"]
[Black "mrbabu"]
[Result "0-1"]
[WhiteElo "1663"]
[BlackElo "1759"]

1. e4 e5 2. Nf3 Nc6 3. d4 exd4 4. Nxd4 Nxd4 5. Qxd4 d6 6. Bb5+ Bd7 7. Qd5 c6 8.
Qg5 cxb5 9. Qxd8+ Rxd8 10. Nc3 Nf6 11. Bg5 Be7 12. O-O O-O 13. Nd5 Nxd5 14. exd5
Bxg5 15. f4 Bf6 16. b3 Bxa1 17. Rxa1 Bf5 18. c4 bxc4 19. bxc4 Bd3 20. Rc1 Rc8
21. c5 Rxc5 22. Rd1 Be4 23. Re1 Bxd5 24. g3 Bxa2 25. Kg2 d5 26. Re2 Bc4 27. Re5
b5 28. h4 b4 29. Re1 b3 30. Kf3 b2 31. h5 Ba2 32. Re2 b1=Q 33. Kg4 Qd1 34. Kf3
Rc2 35. Ke3 Re8+ 36. Kf3 Qxe2# 0-1

[Event "Challenge"]
[Site "http://www.queenalice.com/game.php?id=595408"]
[Date "2009.5.29"]
[Round "-"]
[White "mrbabu"]
[Black "Andrei_78"]
[Result "1-0"]
[WhiteElo "1728"]
[BlackElo "1608"]

1. e4 e5 2. Nf3 Nc6 3. Bc4 Na5 4. Bb3 Nxb3 5. axb3 d6 6. h3 h6 7. Nc3 Nf6 8. d3
Be7 9. O-O a6 10. Nh2 c6 11. f4 exf4 12. Bxf4 O-O 13. d4 Nh5 14. Qxh5 Bg5 15.
Bxg5 hxg5 16. Ng4 Bxg4 17. hxg4 f6 18. Kf2 b5 19. Rh1 b4 20. Qg6 bxc3 21. Rh7
Qe7 22. Rah1 Qxe4 23. Rh8# 1-0

[Event "Challenge"]
[Site "http://www.queenalice.com/game.php?id=595733"]
[Date "2009.5.30"]
[Round "-"]
[White "pipa"]
[Black "mrbabu"]
[Result "1-0"]
[WhiteElo "1763"]
[BlackElo "1781"]

1. Nf3 d5 2. d4 Nc6 3. c3 Nf6 4. Nbd2 Bf5 5. e3 a6 6. Be2 e6 7. Ne5 Nxe5 8. dxe5
Nd7 9. Nf3 Bg4 10. h3 Bxf3 11. Bxf3 Nxe5 12. Be2 Be7 13. O-O O-O 14. Qd4 Nc6 15.
Qg4 Ne5 16. Qg3 Ng6 17. Qg4 c5 18. Bf3 b6 19. c4 Rc8 20. cxd5 Ne5 21. Qg3 Nxf3+
22. Qxf3 Qxd5 23. e4 Qc6 24. Be3 Bf6 25. Rab1 c4 26. Qg4 Rfd8 27. h4 b5 28. h5
Rd7 29. Bh6 g6 30. Bg5 Bg7 31. h6 Bh8 32. Qh4 f5 33. Bf6 Bxf6 34. Qxf6 Rf7 35.
Qh4 a5 36. Rbe1 b4 37. exf5 exf5 38. Re7 Rxe7 39. Qxe7 Qc7 40. Qe6+ Kf8 41. Qf6+
Qf7 42. Qd6+ Qe7 43. Qd5 Qc5 44. Qd7 Qc7 45. Qe6 a4 46. Qf6+ Kg8 47. Re1 Qf7 48.
Qd6 Re8 49. Qxb4 Rxe1+ 50. Qxe1 Qd7 51. Qe2 Kf7 52. Qxc4+ Ke7 53. Qe2+ Kf6 54.
f4 Qa7+ 55. Kh2 Qb6 56. Qe5+ Kf7 57. Qg7+ Ke6 58. Qxh7 Qf2 59. Qxg6+ Ke7 60.
Qg5+ 1-0

[Event "noirs"]
[Site "http://www.queenalice.com/game.php?id=600668"]
[Date "2009.6.9"]
[Round "-"]
[White "mrbabu"]
[Black "khran"]
[Result "0-1"]
[WhiteElo "1748"]
[BlackElo "1822"]

1. e4 c5 2. Nf3 d6 3. d4 cxd4 4. Nxd4 Nf6 5. Nc3 a6 6. Bd3 e6 7. O-O Be7 8. Qe2
O-O 9. Bg5 Qc7 10. Kh1 h6 11. Bxf6 Bxf6 12. Qe3 b5 13. f4 Qc5 14. Nce2 Bd7 15.
c3 Nc6 16. Nc2 Be7 17. Qg3 Qh5 18. Ned4 Rac8 19. Qf3 Qh4 20. g3 Qf6 21. Rae1
Nxd4 22. cxd4 Bc6 23. Qe3 e5 24. fxe5 Qg5 25. Qxg5 hxg5 26. d5 Bb7 27. exd6 Bxd6
28. Ne3 Be5 29. Nf5 Kh7 30. Ne7 Rce8 31. Nf5 g6 32. Ne3 Bxb2 33. Ng4 Kg7 34. d6
Re6 35. d7 Rd6 36. Rd1 Rxd7 37. Bb1 Rfd8 38. Rxd7 Rxd7 39. Nf2 Rd2 40. Nd3 Bxe4+
41. Kg1 Bxd3 42. Bxd3 Rxd3 0-1

[Event "Challenge"]
[Site "http://www.queenalice.com/game.php?id=604676"]
[Date "2009.6.16"]
[Round "-"]
[White "talisman77"]
[Black "mrbabu"]
[Result "1/2-1/2"]
[WhiteElo "1760"]
[BlackElo "1747"]

1. d4 d5 2. c4 e6 3. e3 Nf6 4. Nc3 Bb4 5. Bd2 Nc6 6. cxd5 exd5 7. Nf3 Bg4 8. Be2
O-O 9. O-O Re8 10. Nb5 Bxd2 11. Qxd2 a6 12. Nc3 Ne4 13. Nxe4 dxe4 14. Ne1 Bxe2
15. Qxe2 f5 16. Qc4+ Kh8 17. Rc1 Rc8 18. Nc2 Ne7 19. Nb4 c6 20. Rfd1 Nd5 21.
Nxd5 cxd5 22. Qb4 Rxc1 23. Rxc1 Qd7 24. Qb3 Rc8 25. Rxc8+ Qxc8 26. g3 Qc6 27.
Kg2 b5 28. Qb4 Kg8 29. Qd2 h6 30. h4 g5 31. hxg5 hxg5 32. b3 g4 33. Qe2 Qc3 34.
Kh2 Kg7 35. Kg2 Kg6 36. Kh2 Qd3 37. Qb2 Qf1 38. Qc2 Kg5 39. Qd2 Qd3 40. Qb2 b4
41. a3 a5 42. axb4 axb4 43. Kg2 Qc3 44. Qa2 Qc6 45. Qb1 Qc3 46. Kh2 Qd3 47. Qb2
Qc3 48. Qa2 Qd3 49. Kg2 Qd1 50. Kh2 Qf3 51. Qb2 Kh5 52. Qc2 Kg5 53. Qd2 Kh5 54.
Qc2 Kg5 55. Qb2 Kh5 56. Qc2 Kg5 1/2-1/2

[Event "Challenge"]
[Site "http://www.queenalice.com/game.php?id=604998"]
[Date "2009.6.17"]
[Round "-"]
[White "woinic"]
[Black "mrbabu"]
[Result "1-0"]
[WhiteElo "1787"]
[BlackElo "1763"]

1. c4 e5 2. g3 Nf6 3. Bg2 c6 4. Nc3 d6 5. d4 exd4 6. Qxd4 Be7 7. Nf3 O-O 8. O-O
Be6 9. b3 Nbd7 10. Bb2 c5 11. Qd2 a6 12. Rad1 Qc7 13. Ng5 h6 14. Nxe6 fxe6 15.
e3 Rad8 16. Qe2 Nb6 17. Bh3 e5 18. Bg2 Kh8 19. Ne4 Nxe4 20. Bxe4 Rf6 21. Bc2 d5
22. Qd3 g6 23. cxd5 Nxd5 24. Qe4 Qc6 25. Qxe5 Kg8 26. Be4 1-0

[Event "Challenge"]
[Site "http://www.queenalice.com/game.php?id=631908"]
[Date "2009.8.7"]
[Round "-"]
[White "mrbabu"]
[Black "richcooke"]
[Result "1/2-1/2"]
[WhiteElo "1735"]
[BlackElo "1750"]

1. e4 e5 2. Nf3 Nc6 3. Bc4 Nf6 4. d3 d6 5. Nc3 a6 6. Bg5 Be7 7. h3 b5 8. Bb3 Nd4
9. Nxd4 exd4 10. Ne2 c5 11. O-O O-O 12. f4 Nxe4 13. Bxe7 Qxe7 14. dxe4 Qxe4 15.
c3 Qg6 16. cxd4 Bxh3 17. Rf2 Bf5 18. dxc5 dxc5 19. Nc3 Rad8 20. Qc1 Rd4 21. Bc2
Bxc2 22. Rxc2 Re8 23. Re2 Red8 24. Qe3 f5 25. Rf1 b4 26. Nb1 Qd6 27. Qe6+ Qxe6
28. Rxe6 Ra8 29. g3 Re4 30. Rxe4 fxe4 31. Re1 Re8 32. Kf2 Kf7 33. Nd2 g5 34. f5
Re5 35. g4 h5 36. Nxe4 hxg4 37. Nxg5+ Kf6 38. Rxe5 Kxe5 39. f6 Kxf6 40. Ne4+ Ke5
41. Nxc5 a5 42. Nb7 a4 43. Nc5 a3 44. Nd3+ Kd4 45. Nxb4 axb2 46. Nc2+ Ke5 47.
Na3 Kf4 48. Nb1 Ke4 49. a4 Kd5 50. Kg3 Kc5 51. Kxg4 Kb4 52. a5 Kxa5 53. Kf3 Kb4
54. Ke2 Kb3 55. Kd2 Ka2 56. Kc2 Ka1 57. Nc3 1/2-1/2

[Event "Challenge"]
[Site "http://www.queenalice.com/game.php?id=653732"]
[Date "2009.9.17"]
[Round "-"]
[White "mrbabu"]
[Black "Tasjunior"]
[Result "0-1"]
[WhiteElo "1736"]
[BlackElo "1692"]

1. e4 e5 2. Nf3 Nc6 3. Bc4 Nf6 4. d3 Bc5 5. Nc3 O-O 6. Bg5 h6 7. Bh4 Nd4 8. Nxe5
d6 9. Nxf7 Rxf7 10. Bxf7+ Kxf7 11. Qd2 Qd7 12. Bxf6 Kxf6 13. Nd5+ Kf7 14. O-O-O
Qe6 15. f4 c6 16. f5 Qd7 17. Nf4 d5 18. c3 Nb5 19. Ne6 Qd6 20. d4 Bb6 21. e5 Qe7
22. Qe2 Bxe6 23. Qh5+ Kg8 24. fxe6 Qxe6 25. Rhf1 c5 26. Rf4 cxd4 27. cxd4 Nd6
28. Rdf1 Nb5 29. Rf7 Bxd4 30. Rxb7 Qc6+ 31. Kb1 Qxb7 32. e6 Na3+ 33. Kc1 Qxb2+
34. Kd1 Rc8 35. Qf7+ Kh7 36. Qf5+ Kh8 37. e7 Rc1# 0-1

[Event "Challenge"]
[Site "http://www.queenalice.com/game.php?id=653735"]
[Date "2009.9.17"]
[Round "-"]
[White "mrbabu"]
[Black "javierbesso"]
[Result "1-0"]
[WhiteElo "1718"]
[BlackElo "1986"]

1. d4 f5 2. Nc3 g6 3. Nf3 Nf6 4. Bg5 Bg7 5. e3 O-O 6. Bd3 d6 7. Qd2 Nbd7 8.
O-O-O h6 9. Bh4 Kh7 10. e4 fxe4 11. Nxe4 Nxe4 12. Bxe4 Nf6 13. Bxf6 exf6 14. h4
d5 15. Bd3 f5 16. Kb1 a5 17. Rdg1 Qf6 18. Ne5 a4 19. g4 1-0

[Event "Challenge"]
[Site "http://www.queenalice.com/game.php?id=694769"]
[Date "2009.12.8"]
[Round "-"]
[White "extermination"]
[Black "mrbabu"]
[Result "0-1"]
[WhiteElo "1816"]
[BlackElo "1729"]

1. e4 e5 2. Nf3 Nc6 3. Bb5 d6 4. Nc3 Nf6 5. d4 exd4 6. Nxd4 Bd7 7. Bg5 Be7 8.
Nxc6 bxc6 9. Ba4 O-O 10. Qf3 h6 11. Bh4 Re8 12. Bb3 Bg4 13. Qg3 Nxe4 14. Nxe4
Bxh4 15. Qxg4 d5 16. O-O-O Rxe4 17. Qf3 Qf6 18. Qh5 Bg5+ 19. Kb1 Rb8 20. f3 Reb4
21. a3 R4b5 22. Ka1 a5 23. a4 Rb4 24. g4 Rxa4+ 25. Kb1 Rab4 26. Rhf1 a4 27. c3
Rxb3 28. Rf2 Qxc3 0-1

[Event "Challenge"]
[Site "http://www.queenalice.com/game.php?id=703655"]
[Date "2009.12.26"]
[Round "-"]
[White "mrbabu"]
[Black "thedead"]
[Result "1-0"]
[WhiteElo "1748"]
[BlackElo "1427"]

1. e4 e5 2. Nf3 Nc6 3. Bb5 a6 4. Ba4 Nf6 5. O-O b5 6. Bb3 Be7 7. d3 d6 8. h3 Bb7
9. Nc3 O-O 10. Nh2 Na5 11. f4 Nxb3 12. axb3 c5 13. f5 b4 14. Ne2 Qb6 15. g4 Ne8
16. g5 g6 17. f6 Bd8 18. Be3 Nc7 19. Qe1 d5 20. Qh4 Ne6 21. Ng3 Bc7 22. Ng4 Nd4
23. Qh6 Ne6 24. h4 Bc6 25. h5 d4 26. hxg6 fxg6 27. Nh5 dxe3 28. Ng7 e2 29. Rf3
1-0

[Event "Challenge"]
[Site "http://www.queenalice.com/game.php?id=716053"]
[Date "2010.1.18"]
[Round "-"]
[White "mrbabu"]
[Black "Camcoelho"]
[Result "0-1"]
[WhiteElo "1740"]
[BlackElo "1961"]

1. e4 e5 2. Nf3 Nc6 3. Bb5 a6 4. Ba4 Nf6 5. Nc3 b5 6. Bb3 Bd6 7. d3 Bb7 8. Ng5
O-O 9. Nd5 Nd4 10. Nxf6+ Qxf6 11. Bxf7+ Rxf7 12. Nxf7 Qxf7 13. Be3 Be7 14. Bxd4
exd4 15. O-O d5 16. f3 Bg5 17. Kh1 Be3 18. Qe2 c5 19. a3 Rf8 20. b3 Qh5 21. g4
Qe5 22. Kg2 Rf6 23. h3 Bg5 24. Rad1 Bh4 25. Kh1 Qg3 26. Qg2 Qd6 27. Ra1 a5 28.
Rad1 Bg5 29. Rb1 Bf4 30. Rbd1 Rf8 31. Rb1 Qe7 32. Ra1 Rf6 33. Rab1 Rh6 34. Kg1
Qh4 35. Rfe1 Qxh3 36. Qxh3 Rxh3 37. Rf1 dxe4 38. dxe4 g5 39. Rb2 Ba6 40. b4 cxb4
41. axb4 a4 42. Ra2 Bc8 43. Kg2 Rh2+ 44. Kg1 Be6 45. Rb2 a3 46. Rbb1 Rxc2 0-1

[Event "Challenge"]
[Site "http://www.queenalice.com/game.php?id=716054"]
[Date "2010.1.18"]
[Round "-"]
[White "mrbabu"]
[Black "Camcoelho"]
[Result "0-1"]
[WhiteElo "1751"]
[BlackElo "1873"]

1. d4 d5 2. Bf4 Nf6 3. Nf3 e6 4. e3 c5 5. Bb5+ Bd7 6. Bxd7+ Nbxd7 7. O-O Be7 8.
Nc3 O-O 9. h3 Rc8 10. a3 Qb6 11. Rb1 cxd4 12. exd4 Rfd8 13. Ne5 Nxe5 14. Bxe5
Nd7 15. Ne2 Nxe5 16. dxe5 Qc7 17. c3 Qxe5 18. Nd4 Bd6 19. g3 Bc5 20. Nf3 Qxg3+
21. Kh1 Qxh3+ 22. Nh2 Bd6 23. Qf3 Qxh2# 0-1

[Event "Challenge"]
[Site "http://www.queenalice.com/game.php?id=743293"]
[Date "2010.3.8"]
[Round "-"]
[White "mrbabu"]
[Black "acm_chessmaster"]
[Result "1/2-1/2"]
[WhiteElo "1771"]
[BlackElo "1818"]

1. e4 e5 2. Nf3 d6 3. Bc4 Bg4 4. Nc3 Bxf3 5. Qxf3 Qf6 6. Qe2 c6 7. d3 Nd7 8. O-O
a5 9. a3 b5 10. Ba2 Be7 11. f4 O-O-O 12. f5 g6 13. fxg6 Qxg6 14. Bxf7 Qg7 15.
Be6 Rf8 16. Be3 Nf6 17. Qd2 Kc7 18. Bh6 Qg6 19. Bxf8 Bxf8 20. Bxd7 Kxd7 21. Qf2
Be7 22. Qf5+ Kc7 23. Qxg6 hxg6 24. h3 g5 25. Rf5 g4 26. hxg4 Nxg4 27. Re1 Bh4
28. Rf7+ Kc8 29. Ref1 Rh6 30. Rf8+ Kd7 31. R1f7+ Ke6 32. Rf3 Bg5 33. Rg3 Be3+
34. Kf1 Ke7 35. Rff3 Nh2+ 36. Ke2 Nxf3 37. Kxe3 Nd4 38. Kd2 Rf6 39. Nd1 b4 40.
axb4 axb4 41. c3 bxc3+ 42. bxc3 Nb3+ 43. Kc2 Nc5 44. Rf3 Rg6 45. g3 Ne6 46. Ne3
Ng5 47. Nf5+ Kd7 48. Re3 Ne6 49. d4 exd4 50. cxd4 Rg5 51. Kd3 d5 52. exd5 cxd5
53. Re5 Nc7 54. Ke3 Rg8 55. Re7+ Kd8 56. Rg7 Re8+ 57. Kd3 Ne6 58. Rb7 Nc7 59.
Rb8+ Kd7 60. Rxe8 Kxe8 61. g4 Kf7 62. Ke3 Kf6 63. Kf4 Ne6+ 64. Ke3 Kg5 65. Kf3
Nc7 66. Ne7 Ne6 67. Nf5 Nc7 68. Ne7 Nb5 69. Nxd5 Nxd4+ 70. Kg3 Nc6 71. Ne3 Ne5
72. Kh3 1/2-1/2

[Event "Challenge"]
[Site "http://www.queenalice.com/game.php?id=743294"]
[Date "2010.3.8"]
[Round "-"]
[White "mrbabu"]
[Black "seveneleven92"]
[Result "1-0"]
[WhiteElo "1752"]
[BlackElo "1821"]

1. e4 e5 2. Nf3 Nf6 3. Nc3 Bb4 4. d3 d6 5. h3 O-O 6. Bg5 Be6 7. Be2 Nc6 8. O-O
h6 9. Bh4 Bxc3 10. bxc3 d5 11. exd5 Bxd5 12. c4 Be6 13. Qb1 Rb8 14. c3 Qe7 15.
Rd1 Bf5 16. Qb2 Qd6 17. d4 exd4 18. cxd4 Ne4 19. d5 Ne7 20. Bxe7 Qxe7 21. Nd4
Bd7 22. Bd3 Nc5 23. Nf5 Qg5 24. Ng3 c6 25. d6 Kh8 26. Kh2 Qf4 27. Bf1 Ne4 28.
Rd3 Nxd6 29. c5 Nc4 30. Qd4 Qxd4 31. Rxd4 Ne5 32. f4 Ng6 33. Rxd7 Nxf4 34. Bc4
Kg8 35. Rf1 g5 36. Ne2 Nxe2 37. Bxe2 f6 38. Bg4 Kh8 39. Bf5 Kg8 40. Re1 1-0

[Event "Challenge"]
[Site "http://www.queenalice.com/game.php?id=743295"]
[Date "2010.3.8"]
[Round "-"]
[White "mrbabu"]
[Black "fabianoo"]
[Result "1-0"]
[WhiteElo "1733"]
[BlackElo "1820"]

1. d4 d5 2. Nf3 Nf6 3. Nc3 e6 4. a3 c5 5. Bg5 Nbd7 6. e3 h6 7. Bh4 Be7 8. Be2
O-O 9. O-O a6 10. Ne5 Nxe5 11. dxe5 Nd7 12. Bxe7 Qxe7 13. f4 f6 14. exf6 Nxf6
15. Bf3 b5 16. e4 d4 17. e5 Nh7 18. Bxa8 dxc3 19. bxc3 c4 20. Be4 Rd8 21. Bxh7+
Kxh7 22. Qe2 Bb7 23. Rfd1 Rd5 24. a4 Qc5+ 25. Kf1 Qc6 26. axb5 axb5 27. Rxd5
Qxd5 28. Rd1 Qc5 29. Rd6 Bd5 30. Qf2 Qa7 31. Qxa7 1-0

[Event "Challenge"]
[Site "http://www.queenalice.com/game.php?id=753513"]
[Date "2010.3.29"]
[Round "-"]
[White "mrbabu"]
[Black "Idefix"]
[Result "1-0"]
[WhiteElo "1773"]
[BlackElo "1905"]

1. e4 e5 2. Nf3 Nc6 3. Bb5 a6 4. Ba4 Nf6 5. d3 b5 6. Bb3 Bc5 7. Nc3 h6 8. O-O
O-O 9. h3 d6 10. Be3 Bd4 11. Bxd4 exd4 12. Ne2 Bb7 13. Ng3 Qd7 14. Nh2 a5 15. a3
Ne7 16. f4 c5 17. Re1 a4 18. Ba2 Ng6 19. f5 Ne5 20. Nf3 Rac8 21. Nxe5 dxe5 22.
Nh5 Qd6 23. g4 c4 24. Qf3 Nxh5 25. gxh5 Qf6 26. Kh2 cxd3 27. cxd3 Rc2+ 28. Re2
Rfc8 29. Rg1 Kf8 30. Rgg2 Rc1 31. Rg3 Ra1 32. b4 Rcc1 33. Qg4 Rh1+ 34. Kg2 Rag1+
35. Kf2 Rf1+ 36. Kg2 Rhg1+ 37. Kh2 Rxg3 38. Qxg3 Qxf5 39. Bd5 Bxd5 40. exd5 f6
41. Rg2 Qd7 42. Qg6 Rf3 43. Rg4 Rxd3 44. Qxd3 Qxd5 45. Qh7 Qg8 46. Qd3 1-0

[Event "Let's Play Chess!"]
[Site "http://www.queenalice.com/game.php?id=773711"]
[Date "2010.5.11"]
[Round "-"]
[White "Mamonas"]
[Black "mrbabu"]
[Result "0-1"]
[WhiteElo "1651"]
[BlackElo "1794"]

1. g3 d5 2. Bg2 e5 3. Nf3 Nc6 4. O-O Nf6 5. b3 h6 6. Bb2 Be6 7. Nxe5 Nxe5 8.
Bxe5 Qd7 9. Bxf6 gxf6 10. e4 d4 11. e5 O-O-O 12. exf6 Bh3 13. Bxh3 Qxh3 14. Qf3
h5 15. Qg2 Qf5 16. a4 Bd6 17. d3 Rdg8 18. Nd2 h4 19. Ne4 Be5 20. f4 Bxf6 21.
Nxf6 Qxf6 22. a5 hxg3 23. hxg3 Qh6 24. Kf2 Qg6 25. Rh1 Rxh1 26. Rxh1 f5 27. Qf3
c6 28. Rh5 Re8 29. Rg5 Qe6 30. Kg2 Rh8 31. g4 Qe1 32. gxf5 Qh1+ 33. Kg3 Rh3+ 0-1

[Event "Challenge"]
[Site "http://www.queenalice.com/game.php?id=773919"]
[Date "2010.5.11"]
[Round "-"]
[White "mrbabu"]
[Black "ReiNato"]
[Result "1-0"]
[WhiteElo "1804"]
[BlackElo "1742"]

1. e4 c6 2. d4 e6 3. Nc3 Ne7 4. Nf3 Ng6 5. Bd3 Bb4 6. O-O Bxc3 7. bxc3 O-O 8. h3
f5 9. Bg5 Qa5 10. Qd2 d5 11. e5 Bd7 12. Nh4 Nxh4 13. Bxh4 Be8 14. f4 Nd7 15. Be1
g6 16. Qf2 Qc7 17. Qh4 Rf7 18. g4 c5 19. gxf5 exf5 20. e6 Rg7 21. exd7 Bxd7 22.
Bd2 c4 23. Be2 Ba4 24. Bf3 Bxc2 25. Bxd5+ Kh8 26. Qf6 Qe7 27. Qxe7 Rxe7 28. Bxc4
a6 29. Rfe1 Rxe1+ 30. Rxe1 b5 31. Bb3 Be4 32. a4 Kg7 33. a5 h5 34. Kf2 Rd8 35.
h4 Kf6 36. Bd1 Rc8 37. Bf3 b4 38. cxb4 Rc2 39. Bxe4 Rxd2+ 40. Re2 Rxe2+ 41. Kxe2
fxe4 42. b5 axb5 43. a6 b4 44. a7 Kf5 45. Ke3 Kg4 46. a8=Q Kxh4 47. Qd5 b3 48.
Qg5+ Kh3 49. Kf2 b2 50. Qg3# 1-0

[Event "Challenge"]
[Site "http://www.queenalice.com/game.php?id=787034"]
[Date "2010.6.8"]
[Round "-"]
[White "mrbabu"]
[Black "cuatroceros"]
[Result "1-0"]
[WhiteElo "1818"]
[BlackElo "1923"]

1. e4 e5 2. Nf3 Nc6 3. Bb5 a6 4. Ba4 b5 5. Bb3 Na5 6. O-O Qf6 7. d3 Bb7 8. Nc3
Nxb3 9. axb3 Bc5 10. Bg5 Qe6 11. h3 h6 12. Be3 Bxe3 13. fxe3 Nf6 14. Nh4 O-O 15.
Nf5 Kh7 16. Ne2 g6 17. Nh4 c6 18. Rf2 d5 19. exd5 cxd5 20. d4 exd4 21. Nxd4 Qxe3
22. c3 Ne4 23. Qc2 f5 24. Kf1 Nxf2 25. Qxf2 Qe4 26. Re1 Qd3+ 27. Kg1 f4 28. Re7+
Kg8 29. Rxb7 Rae8 30. Rb6 Qd1+ 31. Kh2 g5 32. Nhf3 g4 33. hxg4 Qd3 34. Rxh6 Kg7
35. Qh4 Rh8 36. Qf6+ Kg8 37. Rxh8# 1-0